000 00416nam a2200181Ia 4500
001 7383
005 20260306160451.0
008 260306t2002||||xx |||||||||||||| ||spa||
041 _aESP
082 _a338.9
_bB74
100 _aBorrayo López, Rafael
_eAUT
245 0 _aSustentabilidad y desarrollo económico
260 _c2002
300 _a
_c
650 _aGEN
654 _aCAN
942 _cLIB
_dJUS
_fJUS
_2ddc
_n
999 _c7383
_d7383